000 00675nam a2200181 i 4500
001 22819
003 ES-MaACL
005 20230906152748.0
007 t|
008 021204s1962 sp |||| | spa d
100 1 _aAlvarez Romero, José María.
_920949
245 1 3 _aEl III Congreso Hispanoamericano de Historia y la ciudad de los Sitios /
_cJosé María Álvarez Romero.
260 _a[Madrid :
_bs.n.,
_c1962] (
_fImp. del Boletín Oficial del Estado)
300 _a11 p. ;
_c24 cm.
595 _aSeparata de: Cuadernos hispanoamericanos, n. 148, abril 1962.
651 4 _aAmérica española-
_xHistoria-
_vCongresos y asambleas.
_9168896
852 _aES-MaACL
_j2034-F-27
999 _c22819
_d22819